| 000 | 00966cam a22003017a 4500 | ||
|---|---|---|---|
| 003 | CHAP | ||
| 005 | 20220329141348.0 | ||
| 008 | 971013s1986 r 00010 d | ||
| 010 | _a67042 | ||
| 011 | _a68014 | ||
| 035 | _a77486 | ||
| 040 | _cCHAP | ||
| 090 | _aFolleto 12136 | ||
| 100 | 0 | 0 |
_aBustamante Orañegui, Fernando. _916376 |
| 245 | 0 | _aGuía para cultivar ciruelo en la parte norte de Morelos | |
| 260 |
_aZacatepec, Mor. : _bINIFAP. Campo Experimental Zacatepec, _c1986 |
||
| 300 |
_a10 p. _b: Ilus. |
||
| 490 | 0 |
_aFolleto para productor _v; 10 |
|
| 590 |
_aBATCH-UPD _b10 _c20130110 _lUCH01 _h2142 |
||
| 590 |
_aBATCH-UPD _b10 _c20130410 _lUCH01 _h1450 |
||
| 590 |
_aBATCH-UPD _b10 _c20130914 _lUCH01 _h0758 |
||
| 590 |
_aCONVERSION _b10 _c20130109 _lUCH01 _h1337 |
||
| 650 | 1 | 4 |
_aCiruela _xMorelos. _923421 |
| 830 | 0 |
_aFolleto para productor _v; 10 _942059 |
|
| 901 | _aBK | ||
| 942 | _cFOLL | ||
| 949 |
_aFolleto 12136 _bBC _cFOLL _d-30355 _eTS1 _i77486 _mD _si |
||
| 999 |
_c67042 _d67042 |
||